| 000 | 00976nam a22001337a 4500 | ||
|---|---|---|---|
| 040 | _cRUA | ||
| 082 | _aLMA CHH 2010 B302 Or.1 | ||
| 100 | _aCHHORN CHAN SINOEUN , ឈន ចាន់ស៊ីនឿន | ||
| 245 | _aLocal land use planning and practice in the context of cambodia's decentralization policy: the case of koub commune, ou chrov district, banteay meanchey province, ការរៀបចំផែនការប្រើប្រាស់ជី និង ការអនុវត្តន៍ នៅថ្នាក់មូលដ្ឋាន ក្នុងបរិបទគោលនយោបាយវិមជ្ឈការនៅកម្ពុជា ករណីឃុំកូប ស្រុកអួរជ្រៅ ខេត្តបន្ទាយមានជ័យ. | ||
| 260 |
_aPhnom Penh _bRUA _c2010 |
||
| 300 |
_axi ; 43p. _bill. _c29cm. |
||
| 856 | _uhttps://drive.google.com/file/d/1BAl1Bz_C0-LUQ06FRaWZuEkRqp8HLx1y/view?usp=sharing | ||
| 942 | _cLMA | ||
| 999 |
_c5539 _d5539 |
||